00309nam a2200133Ia 4500008004100000020001500041041001200056082001600068100002000084245002700104260002400131300000800155650001200163221030s9999 xx 000 0 und d a0140050337 aEnglish a105.23bWod aP. G. Wodehouse 2aA Pelican at Blandings bPenguin booksc1969 a205 aGeneral